000 02340nam a2200409 4500
003 EC-UNACH
005 20250526173913.0
006 s||||gr|||| 00| 00
008 150116t9999 mx r gr 000 0 spa d
020 _a10121498
040 _aEC-UNACH
_cEC-UNACH
041 _aspa
082 0 4 _223
_a300
_bL017725
110 _aCentro Andino de Acción Popular (CAAP)
245 _aEcuador Debate N°68. Jóvenes y Juventudes
250 _aPrimera edición
260 _aQuito - Ecuador
_bCAAP
_c2006
264 _aQuito - Ecuador
_bCAAP
_c2006
300 _a262 páginas
_bCuadros, Tablas
_c14,5 X 21 cm
505 _aCOYUNTURA.- El Mercosur y su encrucijada: entre la disolución y un replanteo radical. De hojas de ruta a vericuetos: la reforma política en el Ecuador post-abril. Conflictividad socio-político: Marzo - Junio 2006. -- TEMA CENTRAL.- Los jóvenes en el Ecuador. Comprender lo joven. Sublimación y condena: los desencuentros del discurso. Jóvenes y territorios urbanos: la noche en el centro paceño. Política vieja vs, sociedad joven. Encuentro y desencuentro entre jóvenes y viejos en los cargos de autoridad. Juventud, participación y ciudadanía. Reflexiones para la construcción del movimiento juvenil. -- DEBATE AGRARIO-RURAL.- Inmigración de pueblos indígenas a España. Los Saraguro en el Municipio de Vera (Almería) . -- ANÁLISIS.- "Mas ciudad", menos ciudadanía, renovación urbana y aniquilación del espacio público en Guayaquil. Salvador Allende, narcisismo, crisis y bancarrota de la Izquierda chilena de los años 1970. Viabilidad de la aplicación del derecho autonómico en la realidad ecuatoriana. Reflexiones en torno a la migración internacional. – RESEÑAS.- El Gran Ausente: Biografía de Velasco Ibarra.
650 _aMERCOSUR
650 _aREFORMA POLÍTICA EN EL ECUADOR
650 _aINMIGRACIÓN DE PUEBLOS INDÍGENAS
650 _aDERECHO AUTONÓMICO
650 _aMIGRACIÓN INTERNACIONAL
700 _aHurtado Arroba, Edison
700 _aRapoport, Mario
700 _aBarrientos, Alejandro
700 _aQuisbert, Máximo
942 _2ddc
_c1
999 _c13502